U.S. States by Flag and First Letter - Statistics

General Stats
  • This quiz has been taken 69 times
  • The average score is 9 of 50
Answer Stats
Picture Answer % Correct
T
89%
C
69%
A
62%
N
56%
M
49%
C
47%
A
42%
S
38%
H
33%
A
27%
O
27%
F
22%
T
22%
K
20%
M
20%
M
20%
O
20%
W
20%
A
18%
D
16%
I
16%
N
16%
L
13%
M
13%
M
13%
O
13%
G
11%
N
11%
N
11%
S
11%
W
11%
I
9%
K
9%
M
9%
M
9%
N
9%
N
9%
M
7%
N
7%
P
7%
W
7%
C
0%
I
0%
Iowa
0%
N
0%
R
0%
Utah
0%
V
0%
Vermont
0%
Wisconsin
0%
No matching quizzes found
Score Distribution
Percent of People with Each Score
Percentile by Number Answered
Your Score History
You have not taken this quiz